| 000 | 00427nam a2200169Ia 4500 | ||
|---|---|---|---|
| 008 | 220216s9999 xx 000 0 und d | ||
| 100 | _aChan Weng Hoong | ||
| 245 | 0 | _aEvaluation of three types of rainguards | |
| 260 |
_bPlanter _c1990 |
||
| 300 | _a523-535 | ||
| 650 | _aRainguards | ||
| 700 | _aAbdul Rahman Hj Othman | ||
| 700 | _aChow Kok Choy | ||
| 700 | _aPatrick Lim H P | ||
| 700 | _aToh Choo Wooi | ||
| 942 | _cJS | ||
| 999 |
_c59030 _d59030 |
||